| 000 | 00386nam a2200157Ia 4500 | ||
|---|---|---|---|
| 008 | 230524s9999 xx 000 0 und d | ||
| 082 |
_a658.4 _bRAO |
||
| 100 | _aP.Subba Rao | ||
| 245 | 0 | _aBusiness Policy & Strategic Management | |
| 250 | _aIST | ||
| 260 |
_aNEW DELHI _bHimalaya _c2009 |
||
| 300 | _aXVI;597 | ||
| 500 | _aQuantity Number: 5 | ||
| 650 | _aManagement | ||
| 942 | _cBK | ||
| 999 |
_c46782 _d46782 |
||